000 00301nam a22001457a 4500
003 SGT
020 _a818974755-X
082 _a615.3
_bSHA
100 _aSHARMA, DR. NIRMAL
245 _aMEDICINAL PLANTS
250 _a3RD
260 _aINDIA
_bBIRLA PUB.
_c2025
300 _a114
942 _2ddc
_cBK
999 _c32986
_d32986